Steven Universe Fusions - Statistics

General Stats
  • This quiz has been taken 245 times
  • The average score is 12 of 19
Answer Stats
Components Fusion % Correct
Ruby and Sapphire Garnet
99%
Steven and Connie Stevonnie
89%
Amethyst and Pearl Opal
85%
Garnet and Pearl Sardonyx
84%
Steven and Amethyst Smoky Quartz
81%
Rose Quartz and Pearl Rainbow Quartz 1.0
80%
Steven and Pearl Rainbow Quartz 2.0
80%
Garnet, Amethyst, and Pearl and Steven Obsidian
79%
Steven and Greg Steg
76%
Steven and Garnet Sunstone
75%
Garnet, Amethyst, and Pearl Alexandrite
73%
Jasper and Lapis Malachite
69%
Pearl and Pink Pearl Mega Pearl
52%
Ruby Squad Mega Ruby
52%
Eyeball and Aquamarine Bluebird Azurite
48%
6 Unknown Gems Flourite
46%
Morganite's Pearl and Ruby Rhodonite
40%
Garnet and Amethyst Sugilite
37%
Jasper and Ocean Jasper Zebra Tiger
1%
No matching quizzes found
Score Distribution
Percent of People with Each Score
Percentile by Number Answered
Your Score History
You have not taken this quiz